Catálogo

Vista normal Vista MARC

Entrada Personal Name

Número de registros utilizados en: 1

001 - CONTROL NUMBER

  • control field: 17404

003 - CONTROL NUMBER IDENTIFIER

  • control field: DLC

005 - DATE AND TIME OF LATEST TRANSACTION

  • control field: 20250827160052.0

008 - FIXED-LENGTH DATA ELEMENTS

  • fixed length control field: 870224n| azannaabn |a aaa

010 ## - LIBRARY OF CONGRESS CONTROL NUMBER

  • LC control number: n 86052168
  • Canceled/invalid LC control number: n 00022342

016 ## - NATIONAL BIBLIOGRAPHIC AGENCY CONTROL NUMBER

  • Record control number: 0073K2428E

035 ## - SYSTEM CONTROL NUMBER

  • System control number: (OCoLC)oca01795405

040 ## - CATALOGING SOURCE

  • Original cataloging agency: DLC
  • Language of cataloging: spa
  • Description conventions: rda
  • Transcribing agency: Mx-PuUPA
  • Modifying agency: DLC
  • Modifying agency: OCoLC
  • Modifying agency: DLC
  • Modifying agency: OCoLC
  • Modifying agency: DLC
  • Modifying agency: CaOONL
  • Modifying agency: ScU
  • Modifying agency: Mx-PuUPA

042 ## - AUTHENTICATION CODE

  • Authentication code: nlc

046 ## - SPECIAL CODED DATES

  • Birth date: 1948
  • Source of date scheme: edtf

053 #0 - LC CLASSIFICATION NUMBER

  • Classification number element--single number or beginning number of span: PR6068.U88

100 1# - HEADING--PERSONAL NAME

  • Personal name: Rutherfurd, Edward,
  • Dates associated with a name: 1948-

370 ## - ASSOCIATED PLACE

  • Place of birth: Salisbury (Inglaterra)
  • Associated country: Gran Bretaña
  • Source of term: naf

372 ## - FIELD OF ACTIVITY

  • Field of activity: novela
  • Field of activity: Ficción histórica
  • Source of term: lcsh

372 ## - FIELD OF ACTIVITY

  • Field of activity: Novelas
  • Source of term: lcgft

374 ## - OCCUPATION

  • Occupation: Autor
  • Occupation: Novelista
  • Source of term: lcsh

375 ## - GENDER

  • Gender: hombre

377 ## - ASSOCIATED LANGUAGE

  • Language code: eng

400 1# - SEE FROM TRACING--PERSONAL NAME

  • Personal name: Wintle, Francis Edward,
  • Dates associated with a name: 1948-

670 ## - SOURCE DATA FOUND

  • Source citation: His Sarum, c1987:
  • Information found: CIP t.p. (Edward Rutherfurd)

670 ## - SOURCE DATA FOUND

  • Source citation: China, 2021:
  • Information found: CIP title page (Edward Rutherfurd) LAC CIP application (English)

670 ## - SOURCE DATA FOUND

  • Source citation: Canadiana, January 15, 2021
  • Information found: (heading: Rutherfurd, Edward; variant: Wintle, Francis Edward; pen name for Francis Edward Wintle, born in 1948 in Salisbury, England)